| 000 | 00714nam a22001817a 4500 | ||
|---|---|---|---|
| 999 |
_c14969 _d14969 |
||
| 003 | OSt | ||
| 082 | _2664 AKH/DE | ||
| 088 | _aP 340 | ||
| 100 |
_aAKHILA J. CHAND _aRASMI JANARDHANAN _aSANAD S _aSANDHYA K.R _93851 |
||
| 245 | _aDevelopment and performance evaluation of a chapati processing machine | ||
| 260 |
_aTavanur 2015 _bDepartment of f Food and Agricultural Process Engineering |
||
| 300 | _a42 | ||
| 500 | _aDevelopment and performance evaluation of a chapati processing machine | ||
| 520 | _aDevelopment and performance evaluation of a chapati processing machine | ||
| 700 |
_aDr. Prince M.V (Guide) _93452 |
||
| 856 | _uhttps://drive.google.com/open?id=1SaNXpQ54Pr8ebgbsRpKcooGAp9GcciX- | ||
| 942 | _cPR | ||